Welcome to WEB OPAC of MRSPTU Central Library

Bhajo Nahin Duniya Nun Badlo (ਭੱਜੋ ਨਹੀਂ ਦੁਨੀਆਂ ਨੂੰ ਬਦਲੋ) (Record no. 10041)

MARC details
000 -LEADER
fixed length control field 00469nam a22001577a 4500
003 - CONTROL NUMBER IDENTIFIER
control field OSt
005 - DATE AND TIME OF LATEST TRANSACTION
control field 20240415164934.0
008 - FIXED-LENGTH DATA ELEMENTS--GENERAL INFORMATION
fixed length control field 240415b |||||||| |||| 00| 0 eng d
040 ## - CATALOGING SOURCE
Transcribing agency MRSPTU
100 ## - MAIN ENTRY--PERSONAL NAME
Personal name Marden, Swet (ਮਾਰਡਨ, ਸਵੇਟ)
245 ## - TITLE STATEMENT
Title Bhajo Nahin Duniya Nun Badlo (ਭੱਜੋ ਨਹੀਂ ਦੁਨੀਆਂ ਨੂੰ ਬਦਲੋ)
250 ## - EDITION STATEMENT
Edition statement 1st
260 ## - PUBLICATION, DISTRIBUTION, ETC.
Place of publication, distribution, etc. Punjab
Name of publisher, distributor, etc. Shruti Pocket Books
Date of publication, distribution, etc. 2000
300 ## - PHYSICAL DESCRIPTION
Extent 131
942 ## - ADDED ENTRY ELEMENTS (KOHA)
Source of classification or shelving scheme Dewey Decimal Classification
Koha item type Book
Suppress in OPAC No
Holdings
Withdrawn status Lost status Source of classification or shelving scheme Damaged status Not for loan Collection Home library Current library Date acquired Total checkouts Barcode Date last seen Date last checked out Price effective from Koha item type
    Dewey Decimal Classification     BK MRSPTU Central Library MRSPTU Central Library 04/15/2024 2 G-208 09/16/2025 08/22/2025 04/15/2024 Book

Website Designed and Developed by MRSPTU Central Library Team

E-mail Id: librarian@mrsptu.ac.in